Online Catalogue and eLibrary

Nationalism, ethnicity, and political development : (Record no. 215)

MARC details
000 -LEADER
fixed length control field 00680cam a2200205 a 4500
001 - CONTROL NUMBER
control field 612205
005 - DATE AND TIME OF LATEST TRANSACTION
control field 20240129063402.0
008 - FIXED-LENGTH DATA ELEMENTS--GENERAL INFORMATION
fixed length control field 920207s1991 ii b 100 0 eng
020 ## - INTERNATIONAL STANDARD BOOK NUMBER
ISBN 8185425302
040 ## - CATALOGING SOURCE (பட்டியலாக்க மூலம்)
Original cataloging agency DLC
Transcribing agency DLC
Modifying agency DLC
082 ## - DDC Classification
DDC Edition Number 22
Class No. 305.8.
245 10 - TITLE STATEMENT
Title Nationalism, ethnicity, and political development :
Remainder of title South Asian perspectives /
Statement of responsibility, etc. editor, Deithelm Weidemann.
260 ## - PUBLICATION, DISTRIBUTION, ETC.
Place of publication, distribution, etc. New Delhi :
Name of publisher, distributor, etc. Manohar Publications,
Date of publication, distribution, etc. 1991.
300 ## - PHYSICAL DESCRIPTION
Extent (e.g. Volumes, Pages etc.) viii, 207 p. ;
500 ## - GENERAL NOTE
General note "This volume is sponsored by the Italian National Research Council (CNR-Committee 9)"--T.p. verso.
650 #0 - SUBJECT ADDED ENTRY--TOPICAL TERM
Topical term or geographic name entry element Nationalism
650 #0 - SUBJECT ADDED ENTRY--TOPICAL TERM
Topical term or geographic name entry element Ethnicity
700 1# - ADDED ENTRY--PERSONAL NAME
Personal name Weidemann, Diethelm.
Relator term (Role) Editor
942 ## - Koha item type (Biblio)
Koha item type Books in Stacks (Lending)
Holdings
Lost status Damaged status Collection code Home library Current library Date acquired Full call number Accession Number Item type
    Lending WERC Library WERC Library 01/29/2024 305.8. 999 Books in Stacks (Lending)

© WERC Library